000 00451nam a2200157 a 4500
001 000021160
005 20200930011240.0
008 100901s1946 xxu r 000 i spa d
040 _aDO-SdBNP
_bspa
_cBNPHU
082 _axxx
_bL152c
100 1 _aLacy, G. H.
_944169
245 1 0 _aComentario sobre la epĂ­stola a Los Efesios /
_cG. H. Lacy.
260 _aTexas :
_bCasa Bautista de Publicaciones,
_c1946.
300 _a188 p. ;
_c19 cm.
049 _aBNGR
999 _c20662
_d20662